Statistics for X-Men - Tricky

Click here to take the quiz!

General Stats

  • This quiz has been taken 416 times
  • The average score is 14 of 17

Answer Stats

HintAnswer% Correct
Professor Charles Francis XavierProfessor X
99%
Dr. Henry Philip "Hank" McCoyBeast
98%
Scott SummersCyclops
98%
James "Logan" HowlettWolverine
98%
Max "Magnus" Eisenhardt (alias: Erik Lehnsherr)Magneto
96%
Robert Louis "Bobby" DrakeIceman
94%
Ororo MonroeStorm
94%
Kurt WagnerNightcrawler
91%
Wade WilsonDeadpool
85%
Raven DarkhölmeMystique
85%
Warren Kenneth Worthington IIIAngel
84%
Rémy LeBeauGambit
81%
Anna Marie "Darkhölme"Rogue
81%
Jean Grey-SummersMarvel Girl/Phoenix
70%
Victor CreedSabertooth
70%
Cain MarkoJuggernaut
67%
Mortimer ToynbeeToad
53%

Score Distribution

Percentile by Number Answered

Percent of People with Each Score

Your Score History

You have not taken this quiz